[Event "5th EKA IIFL Investment 2019"]
[Site "Mumbai"]
[Date "2020.01.02"]
[Round "4.20"]
[White "Sardana, Rishi"]
[Black "Mohammad Fahad, Rahman"]
[Result "0-1"]
[WhiteElo "2428"]
[BlackElo "2294"]
[Annotator "TA"]
[PlyCount "138"]
[EventDate "2019.12.30"]
[EventType "swiss"]
[EventCountry "IND"]
[SourceTitle "playchess.com"]
[Source "ChessBase"]
[SourceQuality "1"]

{[%evp 9,138,8,10,0,0,0,15,19,0,13,0,23,23,7,6,3,4,0,0,0,0,0,0,0,0,0,0,0,0,0,12,0,0,0,0,-75,-68,-69,-65,-71,-68,-107,-31,-39,-41,-48,0,0,0,0,0,0,0,0,0,0,0,-34,-24,-26,-22,-27,-21,-70,-21,-90,-86,-86,-85,-142,-91,-69,0,-138,-41,-110,0,-42,0,-78,-17,0,0,-479,-492,-484,-482,-431,-222,-162,-49,-311,-276,-300,-297,-258,-256,-864,-974,-1817,-1376,-1319,-1149,-874,-841,-12841,-12842,-12843,-12844,-12844,-12845,-12845,-12845,-12842,-12841,-12842,-12842,-12843,-12843,-12845,-12845,-12843,-12846,-12846,-12847,-12848,-12848,-12848,-12848,-12848,-12848]} 1. e4 c5 2. Nf3 d6 3. Bb5+ Nd7 4. d4 cxd4 5. Qxd4 a6 6. Be2 {B51: Sicilian: Moscow Variation (3 Bb5+) without 3...Bd7} (6. Bc4 {is more complex.} Ngf6 7. a4 e5 8. Qe3 Qc7 9. Qe2) 6... Ngf6 7. O-O g6 8. Nc3 {[%cal Bb1c3,Bc3d5,Bd5e7][%mdl 32] The position is equal.} Bg7 9. Rd1 O-O 10. e5 Nh5 {[%cal Rd7e5]} 11. Qh4 dxe5 12. Bg5 Bf6 $146 ({Predecessor:} 12... f6 13. Be3 e6 {1-0 (31) Fressinet,L (2717)-Cheparinov,I (2682) Dubai 2014}) 13. Nd5 Bxg5 14. Nxg5 e6 $1 15. Bxh5 h6 16. Bxg6 $1 Qxg5 17. Ne7+ Kg7 18. Qb4 Nf6 19. Bd3 b5 20. Nxc8 Raxc8 21. Qe1 Rfd8 22. h4 (22. c3 $11 {remains equal.}) 22... Qxh4 $17 23. Qxe5 Rd5 $1 {[%cal Rd5e5]} 24. Qh2 Qg4 25. a4 Rh5 (25... b4 $17) 26. Qg3 $15 Qxg3 27. fxg3 e5 28. c3 e4 29. Be2 Rg5 30. Rd6 bxa4 31. Rxa6 Rb8 32. Ra2 Rxg3 33. R6xa4 h5 34. Rd4 h4 35. Kh2 Rb6 36. Rd2 Nh7 37. Ra7 (37. Ra6 $11 Rf6 38. Rxf6 Kxf6 39. Rd6+ Kg5 40. c4) 37... Rf6 {Strongly threatening ...Rf2!} 38. Bc4 Ng5 39. Re7 (39. Rad7 $142) 39... Rg4 (39... Rf4 $142 $1 {...e3 is the strong threat.} 40. Bb3 e3) 40. Be2 {[#]} Rg3 (40... Rf2 $1 $15 {[%mdl 512]} 41. Bxg4 Rxd2) 41. Bc4 $17 Re3 (41... Rf4 $17 {White must now prevent ...e3.} 42. Bb3 e3) 42. Re5 (42. Rd5 $1 $15 Rg3 43. Ree5) 42... Rg6 (42... Rh3+ $1 $17 43. Kg1 Rg6 44. gxh3 Nf3+ {[%mdl 64] Double Attack} 45. Kf2 Nxe5) 43. Be2 Kh6 44. Re8 (44. Bg4 $11 {keeps the balance.}) 44... h3 ({Black should try} 44... Rg3 $1 $17 {next ...Ne6 is good for Black.} 45. Rc2 f5 46. Rh8+ Nh7) 45. Bg4 $1 $11 hxg2 46. Rxg2 $2 {[%mdl 8192] [#]} (46. Kxg2 $11 Rf3 47. Rf2) 46... f5 $1 $19 {[%cal Rf5g4][%mdl 512]} 47. Bd1 (47. Bxf5 Nf3+) 47... f4 48. Bg4 f3 (48... Kg7 $142 49. Re5 f3) 49. Rd2 {[#] intending Kg3.} Nh7 (49... Rf6 $1 $19 50. Kg1 Rf4 51. Rd6+ Kg7) 50. Bf5 $2 {[%mdl 8192] [#]} (50. Bxf3 $1 $15 Rxf3 51. Rxe4) 50... Nf6 $1 51. Rh8+ Kg7 {Hoping for ...Re2+.} 52. Rh3 Rg5 53. Be6 $2 (53. Rg3 Kh6 54. Rh3+ Nh5 55. Bxe4 Rxe4 56. Rf2) 53... Re1 {aiming for ...e3.Black is clearly winning.} 54. Rg3 {[#]} Rh1+ $1 {[%mdl 576] Deflection} 55. Kxh1 Rxg3 {[%mdl 4096] Endgame KRB-KRN} 56. Kh2 Rg5 57. Rd6 e3 58. Bc4 Re5 59. Rd1 e2 60. Bxe2 fxe2 {KRN-KR} 61. Re1 Re3 62. Kg2 Kg6 63. b4 Kf5 {( -> ...Kf4)} 64. b5 Ke4 65. b6 Kd3 66. b7 Nd7 67. Kf2 Kd2 68. c4 Nb8 69. c5 Nc6 {Accuracy: White = 47%, Black = 57%.} 0-1

[Event "5th EKA IIFL Investment 2019"]
[Site "Mumbai"]
[Date "2020.01.02"]
[Round "4.21"]
[White "Nitish, Belurkar"]
[Black "Moksh Amit Doshi"]
[Result "1/2-1/2"]
[WhiteElo "2294"]
[BlackElo "2399"]
[Annotator "ChessBase"]
[PlyCount "82"]
[EventDate "2019.12.30"]
[EventType "swiss"]
[EventCountry "IND"]
[SourceTitle "playchess.com"]
[Source "ChessBase"]
[SourceQuality "1"]
[TimeControl "40/5400+30:1800+30"]

1. e4 e5 {[%emt 0:01:31]} 2. Nf3 {[%emt 0:00:00]} Nc6 {[%emt 0:00:05]} 3. Bc4 {[%emt 0:00:00]} Bc5 {[%emt 0:00:06]} 4. c3 {[%emt 0:00:00]} Nf6 {[%emt 0:00:06]} 5. d3 {[%emt 0:00:00]} O-O {[%emt 0:00:42]} 6. O-O {[%emt 0:00:12]} d5 {[%emt 0:02:03]} 7. exd5 {[%emt 0:04:28]} Nxd5 {[%emt 0:00:07]} 8. Nbd2 {[%emt 0:02:46]} Nb6 {[%emt 0:03:21]} 9. Ne4 {[%emt 0:08:28]} Nxc4 {[%emt 0:03:57]} 10. Nxc5 {[%emt 0:00:22]} Nd6 {[%emt 0:04:06]} 11. Ne4 {[%emt 0:08:23]} Bf5 {[%emt 0:04:16]} 12. Ng3 {[%emt 0:01:59]} Bg6 {[%emt 0:01:47]} 13. Re1 {[%emt 0:02:34]} f6 {[%emt 0:01:22]} 14. d4 {[%emt 0:06:15]} e4 {[%emt 0:04:12]} 15. Nh4 {[%emt 0:01:56]} f5 {[%emt 0:00:27]} 16. Nxg6 {[%emt 0:00:06]} hxg6 {[%emt 0:00:05]} 17. f3 {[%emt 0:15:08]} Qh4 {[%emt 0:00:59]} 18. fxe4 {[%emt 0:00:39]} fxe4 {[%emt 0:00:33]} 19. Be3 {[%emt 0:01:31]} Ne7 {[%emt 0:07:17]} 20. Qb3+ {[%emt 0:01:43]} Kh7 {[%emt 0:01:21]} 21. Rf1 {[%emt 0:03:42]} Nef5 {[%emt 0:08:28]} 22. Rf4 {[%emt 0:11:00]} Qe7 {[%emt 0:00:53]} 23. Nxf5 {[%emt 0:01:09]} Nxf5 {[%emt 0:03:33]} 24. Re1 {[%emt 0:01:58]} g5 {[%emt 0:01:22]} 25. Rf2 {[%emt 0:08:08]} Nxe3 {[%emt 0:00:16]} 26. Rxe3 {[%emt 0:00:07]} Rxf2 {[%emt 0:00:06]} 27. Kxf2 {[%emt 0:00:03]} Rf8+ {[%emt 0:00:28]} 28. Ke2 {[%emt 0:01:43]} Qf6 {[%emt 0:00:29]} 29. Kd2 {[%emt 0:00:38]} Qf2+ {[%emt 0:07:52]} 30. Re2 {[%emt 0:00:55]} e3+ {[%emt 0:02:03]} 31. Kd3 {[%emt 0:01:25]} Qf5+ {[%emt 0:11:31]} 32. Kxe3 {[%emt 0:00:26]} Re8+ {[%emt 0:01:23]} 33. Kd2 {[%emt 0:00:01]} Qf4+ {[%emt 0:00:21]} 34. Kd3 {[%emt 0:00:12]} Qf5+ {[%emt 0:02:56]} 35. Kd2 {[%emt 0:00:01]} Qf4+ {[%emt 0:00:34]} 36. Ke1 {[%emt 0:03:26]} Rxe2+ {[%emt 0:01:33]} 37. Kxe2 {[%emt 0:00:11]} Qe4+ {[%emt 0:00:04]} 38. Kf2 {[%emt 0:00:10]} Qf4+ {[%emt 0:00:04]} 39. Ke2 {[%emt 0:00:02]} Qe4+ {[%emt 0:00:07]} 40. Kf2 {[%emt 0:00:00]} Qf4+ {[%emt 0:00:00]} 41. Ke2 {[%emt 0:00:05]} Qe4+ {[%emt 0:00:12]} 1/2-1/2

[Event "5th EKA IIFL Investment 2019"]
[Site "Mumbai"]
[Date "2020.01.02"]
[Round "4.22"]
[White "Abdisalimov, Abdimalik"]
[Black "Harshad, S."]
[Result "1-0"]
[WhiteElo "2394"]
[BlackElo "2291"]
[Annotator "ChessBase"]
[PlyCount "127"]
[EventDate "2019.12.30"]
[EventType "swiss"]
[EventCountry "IND"]
[SourceTitle "playchess.com"]
[Source "ChessBase"]
[SourceQuality "1"]
[TimeControl "40/5400+30:1800+30"]

1. d4 {[%emt 0:00:00]} Nf6 {[%emt 0:00:00]} 2. c4 e6 {[%emt 0:00:08]} 3. Nc3 {[%emt 0:00:00]} Bb4 {[%emt 0:00:06]} 4. e3 {[%emt 0:00:00]} O-O {[%emt 0:00:09]} 5. Bd3 {[%emt 0:00:05]} d5 {[%emt 0:00:18]} 6. Nf3 {[%emt 0:00:06]} c5 {[%emt 0:06:27]} 7. cxd5 {[%emt 0:00:06]} cxd4 {[%emt 0:00:35]} 8. exd4 {[%emt 0:00:05]} Nxd5 {[%emt 0:01:10]} 9. O-O {[%emt 0:00:07]} Be7 {[%emt 0:06:59]} 10. a3 {[%emt 0:04:47]} Nc6 {[%emt 0:01:59]} 11. Bc2 {[%emt 0:00:06]} b6 {[%emt 0:07:26]} 12. Qd3 {[%emt 0:00:19]} g6 {[%emt 0:00:37]} 13. Bh6 {[%emt 0:00:53]} Re8 {[%emt 0:00:46]} 14. Ba4 {[%emt 0:05:19]} Bd7 {[%emt 0:02:13]} 15. Nxd5 {[%emt 0:01:38]} exd5 {[%emt 0:01:03]} 16. Rac1 {[%emt 0:00:23]} Rc8 {[%emt 0:11:46]} 17. Qa6 {[%emt 0:01:01]} Bf6 {[%emt 0:08:34]} 18. Be3 {[%emt 0:09:34]} Re7 {[%emt 0:09:39]} 19. b4 {[%emt 0:11:39]} Nb8 {[%emt 0:10:54]} 20. Rxc8 {[%emt 0:03:12]} Bxc8 {[%emt 0:02:01]} 21. Qd3 {[%emt 0:00:26]} a6 {[%emt 0:04:21]} 22. Bf4 {[%emt 0:01:59]} Nd7 {[%emt 0:02:57]} 23. Bc6 {[%emt 0:01:27]} Nf8 {[%emt 0:00:53]} 24. Rc1 {[%emt 0:02:16]} Ne6 {[%emt 0:06:32]} 25. Bg3 {[%emt 0:01:09]} b5 {[%emt 0:01:22]} 26. h3 {[%emt 0:06:53]} Bb7 {[%emt 0:01:39]} 27. Bxb7 {[%emt 0:00:05]} Rxb7 {[%emt 0:00:05]} 28. Rc6 {[%emt 0:00:04]} Rb6 {[%emt 0:03:20]} 29. Bc7 {[%emt 0:00:21]} Rxc6 {[%emt 0:00:52]} 30. Bxd8 {[%emt 0:00:01]} Nxd8 {[%emt 0:00:23]} 31. Nd2 {[%emt 0:10:42]} Ne6 {[%emt 0:02:26]} 32. Nb3 {[%emt 0:02:11]} Kg7 {[%emt 0:00:36]} 33. Qf3 {[%emt 0:00:16]} Rd6 {[%emt 0:00:47]} 34. Qc3 {[%emt 0:00:07]} Rd8 {[%emt 0:01:44]} 35. g3 {[%emt 0:00:31]} h5 {[%emt 0:00:38]} 36. h4 {[%emt 0:01:05]} Rd6 {[%emt 0:01:36]} 37. Kf1 {[%emt 0:00:07]} Rd8 {[%emt 0:02:48]} 38. Ke2 {[%emt 0:02:14]} Re8 {[%emt 0:02:14]} 39. Kf1 {[%emt 0:06:48]} Nxd4 {[%emt 0:00:52]} 40. Nxd4 {[%emt 0:00:00]} Re4 {[%emt 0:00:00]} 41. Qc6 {[%emt 0:00:27]} Rxd4 {[%emt 0:01:03]} 42. Qxa6 {[%emt 0:02:00]} Rd1+ {[%emt 0:00:44]} 43. Ke2 {[%emt 0:00:16]} Rc1 {[%emt 0:06:02]} 44. Qxb5 {[%emt 0:00:18]} d4 {[%emt 0:00:15]} 45. a4 {[%emt 0:00:50]} Rc2+ {[%emt 0:01:21]} 46. Kd1 {[%emt 0:02:22]} Rxf2 {[%emt 0:03:48]} 47. Qd3 {[%emt 0:00:53]} Ra2 {[%emt 0:02:12]} 48. a5 {[%emt 0:01:12]} Ra4 {[%emt 0:00:38]} 49. Qc4 {[%emt 0:01:02]} d3 {[%emt 0:05:13]} 50. Qb3 {[%emt 0:00:59]} Ra1+ {[%emt 0:01:26]} 51. Kd2 {[%emt 0:00:59]} Rg1 {[%emt 0:00:51]} 52. Qxd3 {[%emt 0:00:18]} Be5 {[%emt 0:01:16]} 53. a6 {[%emt 0:00:13]} Rg2+ {[%emt 0:00:53]} 54. Kd1 {[%emt 0:00:47]} Ra2 {[%emt 0:02:49]} 55. b5 {[%emt 0:00:21]} Ra1+ {[%emt 0:01:17]} 56. Kc2 {[%emt 0:00:26]} Ra2+ {[%emt 0:01:44]} 57. Kb3 {[%emt 0:00:06]} Rb2+ {[%emt 0:00:15]} 58. Ka3 {[%emt 0:00:09]} Rg2 {[%emt 0:00:14]} 59. a7 {[%emt 0:00:10]} Rg1 {[%emt 0:00:24]} 60. b6 {[%emt 0:00:11]} Ra1+ {[%emt 0:00:56]} 61. Kb4 {[%emt 0:00:07]} Ra2 {[%emt 0:00:20]} 62. Kb5 {[%emt 0:00:34]} Rb2+ {[%emt 0:00:30]} 63. Kc6 {[%emt 0:00:07]} Ra2 {[%emt 0:00:08]} 64. Kb7 {[%emt 0:00:05]} 1-0

[Event "5th EKA IIFL Investment 2019"]
[Site "Mumbai"]
[Date "2020.01.02"]
[Round "4.23"]
[White "Srihari, L R"]
[Black "Eraschenkov, Denis"]
[Result "1-0"]
[WhiteElo "2271"]
[BlackElo "2386"]
[Annotator "NA"]
[PlyCount "44"]
[EventDate "2019.12.30"]
[EventType "swiss"]
[EventCountry "IND"]
[SourceTitle "playchess.com"]
[Source "ChessBase"]
[SourceQuality "1"]
[TimeControl "40/5400+30:1800+30"]

1. d4 Nf6 2. c4 g6 3. Nc3 Bg7 4. e4 O-O 5. h3 d6 6. Be3 Na6 7. Bd3 e5 8. d5 Nc5 9. Bc2 a5 10. Nge2 Nh5 11. Qd2 Bd7 12. g4 Nf6 13. Ng3 $16 c6 14. g5 Ne8 15. O-O-O cxd5 16. Nxd5 Rc8 17. Qe2 Ne6 18. h4 Nf4 19. Bxf4 exf4 20. Nf5 gxf5 21. exf5 f6 22. Ne7+ Kh8 1-0

[Event "5th EKA IIFL Investment 2019"]
[Site "Mumbai"]
[Date "2020.01.02"]
[Round "4.24"]
[White "Muthaiah AL"]
[Black "Ziatdinov, Raset"]
[Result "1-0"]
[WhiteElo "2363"]
[BlackElo "2204"]
[Annotator "ChessBase"]
[PlyCount "59"]
[EventDate "2019.12.30"]
[EventType "swiss"]
[EventCountry "IND"]
[SourceTitle "playchess.com"]
[Source "ChessBase"]
[SourceQuality "1"]
[TimeControl "40/5400+30:1800+30"]

1. Nf3 {[%emt 0:00:00]} d5 {[%emt 0:00:00]} 2. g3 {[%emt 0:00:00]} Nf6 {[%emt 0:00:00]} 3. c4 {[%emt 0:00:37]} d4 {[%emt 0:00:00]} 4. Bg2 {[%emt 0:00:31]} Nc6 {[%emt 0:00:06]} 5. O-O {[%emt 0:00:30]} e5 {[%emt 0:00:24]} 6. d3 {[%emt 0:00:25]} Bg4 {[%emt 0:01:55]} 7. h3 {[%emt 0:02:09]} Bxf3 {[%emt 0:00:37]} 8. exf3 {[%emt 0:06:27]} Bd6 {[%emt 0:00:19]} 9. Na3 {[%emt 0:01:27]} a6 {[%emt 0:03:25]} 10. f4 {[%emt 0:17:57]} exf4 {[%emt 0:00:13]} 11. Re1+ {[%emt 0:02:11]} Kf8 {[%emt 0:00:08]} 12. c5 {[%emt 0:00:46]} Bxc5 {[%emt 0:00:31]} 13. Bxf4 {[%emt 0:00:21]} Bb4 {[%emt 0:01:19]} 14. Re2 {[%emt 0:06:54]} Nd5 {[%emt 0:00:24]} 15. Bd2 {[%emt 0:08:20]} Bxa3 {[%emt 0:04:38]} 16. Qb3 {[%emt 0:01:48]} Bxb2 {[%emt 0:07:16]} 17. Qxb2 {[%emt 0:01:21]} Rb8 {[%emt 0:01:04]} 18. Rae1 {[%emt 0:10:00]} Nf6 {[%emt 0:06:38]} 19. Bg5 {[%emt 0:08:42]} Qd6 {[%emt 0:00:32]} 20. Bxc6 {[%emt 0:04:41]} Qxc6 {[%emt 0:00:31]} 21. Qxd4 {[%emt 0:00:17]} h6 {[%emt 0:13:34]} 22. Bxf6 {[%emt 0:04:29]} gxf6 {[%emt 0:01:19]} 23. Re7 {[%emt 0:01:54]} h5 {[%emt 0:07:09]} 24. Rd7 {[%emt 0:02:31]} Rh7 {[%emt 0:01:49]} 25. Ree7 {[%emt 0:01:53]} Kg8 {[%emt 0:14:34]} 26. Rxc7 {[%emt 0:01:22]} Qf3 {[%emt 0:00:06]} 27. Qd7 {[%emt 0:04:44]} Rf8 {[%emt 0:03:31]} 28. Re8 {[%emt 0:00:47]} Kg7 {[%emt 0:04:29]} 29. Rxf8 {[%emt 0:00:30]} Kxf8 {[%emt 0:00:15]} 30. Qe7+ {[%emt 0:00:15]} 1-0

[Event "5th EKA IIFL Investment 2019"]
[Site "Mumbai"]
[Date "2020.01.02"]
[Round "4.25"]
[White "Luong, Phuong Hanh"]
[Black "Neelash Saha"]
[Result "0-1"]
[WhiteElo "2256"]
[BlackElo "2356"]
[Annotator "ChessBase"]
[PlyCount "82"]
[EventDate "2019.12.30"]
[EventType "swiss"]
[EventCountry "IND"]
[SourceTitle "playchess.com"]
[Source "ChessBase"]
[SourceQuality "1"]
[TimeControl "40/5400+30:1800+30"]

1. d4 {[%emt 0:03:42]} d5 {[%emt 0:00:43]} 2. Nf3 {[%emt 0:00:11]} Nf6 {[%emt 0:00:06]} 3. Bf4 {[%emt 0:00:08]} c5 {[%emt 0:00:39]} 4. e3 {[%emt 0:00:07]} Nc6 {[%emt 0:00:08]} 5. c3 {[%emt 0:00:53]} Bf5 {[%emt 0:01:38]} 6. Qb3 {[%emt 0:04:52]} Qc8 {[%emt 0:00:15]} 7. dxc5 {[%emt 0:01:09]} e6 {[%emt 0:02:10]} 8. Nd4 {[%emt 0:03:18]} Bxb1 {[%emt 0:16:57]} 9. Rxb1 {[%emt 0:00:10]} Nd7 {[%emt 0:00:10]} 10. Bd6 {[%emt 0:08:02]} Nxc5 {[%emt 0:01:59]} 11. Bxc5 {[%emt 0:00:06]} Bxc5 {[%emt 0:00:03]} 12. Bd3 {[%emt 0:00:32]} O-O {[%emt 0:00:35]} 13. Nxc6 {[%emt 0:02:28]} bxc6 {[%emt 0:00:22]} 14. O-O {[%emt 0:01:13]} f5 {[%emt 0:00:45]} 15. c4 {[%emt 0:06:04]} Bd6 {[%emt 0:05:05]} 16. cxd5 {[%emt 0:00:50]} cxd5 {[%emt 0:00:07]} 17. Rbc1 {[%emt 0:01:41]} Qd7 {[%emt 0:00:15]} 18. Qb5 {[%emt 0:00:54]} Qe7 {[%emt 0:03:12]} 19. Rc6 {[%emt 0:01:44]} Rfd8 {[%emt 0:06:57]} 20. Qa4 {[%emt 0:05:31]} Rab8 {[%emt 0:01:37]} 21. Qc2 {[%emt 0:00:16]} Qh4 {[%emt 0:01:48]} 22. g3 {[%emt 0:01:46]} Qf6 {[%emt 0:00:05]} 23. b3 {[%emt 0:00:31]} h5 {[%emt 0:00:58]} 24. Qe2 {[%emt 0:06:21]} h4 {[%emt 0:04:06]} 25. Rfc1 {[%emt 0:03:26]} hxg3 {[%emt 0:27:14]} 26. hxg3 {[%emt 0:00:09]} Kf7 {[%emt 0:00:06]} 27. Ra6 {[%emt 0:13:24]} Qh6 {[%emt 0:11:07]} 28. Rxa7+ {[%emt 0:02:57]} Kf6 {[%emt 0:00:04]} 29. Rc6 {[%emt 0:16:18]} Rbc8 {[%emt 0:00:34]} 30. Qb2+ {[%emt 0:05:45]} Be5 {[%emt 0:01:46]} 31. Rxc8 {[%emt 0:04:03]} Rxc8 {[%emt 0:01:18]} 32. Qa3 {[%emt 0:00:11]} Kg6 {[%emt 0:05:23]} 33. Qe7 {[%emt 0:02:32]} Rc1+ {[%emt 0:02:02]} 34. Bf1 {[%emt 0:00:02]} Qh3 {[%emt 0:00:36]} 35. Qxe6+ {[%emt 0:00:24]} Kh7 {[%emt 0:00:05]} 36. Qa6 {[%emt 0:00:53]} Bxg3 {[%emt 0:00:20]} 37. Rxg7+ {[%emt 0:03:44]} Kxg7 {[%emt 0:00:05]} 38. Qa7+ {[%emt 0:00:29]} Kg6 {[%emt 0:00:48]} 39. Qa6+ {[%emt 0:00:08]} Kg5 {[%emt 0:01:28]} 40. fxg3 {[%emt 0:00:00]} Qxg3+ {[%emt 0:00:00]} 41. Kh1 {[%emt 0:00:22]} Rc2 {[%emt 0:01:05]} 0-1

[Event "5th EKA IIFL Investment 2019"]
[Site "Mumbai"]
[Date "2020.01.02"]
[Round "4.26"]
[White "Subhayan Kundu"]
[Black "Kaustuv, Kundu"]
[Result "1/2-1/2"]
[WhiteElo "2222"]
[BlackElo "2349"]
[Annotator "ChessBase"]
[PlyCount "81"]
[EventDate "2019.12.30"]
[EventType "swiss"]
[EventCountry "IND"]
[SourceTitle "playchess.com"]
[Source "ChessBase"]
[SourceQuality "1"]
[TimeControl "40/5400+30:1800+30"]

1. e4 {[%emt 0:00:00]} c5 {[%emt 0:00:00]} 2. Nf3 {[%emt 0:00:07]} a6 {[%emt 0:00:00]} 3. c4 {[%emt 0:00:20]} Nc6 {[%emt 0:00:00]} 4. d4 {[%emt 0:00:18]} cxd4 {[%emt 0:00:00]} 5. Nxd4 {[%emt 0:00:03]} e5 {[%emt 0:00:05]} 6. Nc2 {[%emt 0:01:00]} Nf6 {[%emt 0:00:18]} 7. Nc3 {[%emt 0:00:47]} Bc5 {[%emt 0:00:23]} 8. Be2 {[%emt 0:06:10]} O-O {[%emt 0:00:27]} 9. O-O {[%emt 0:00:06]} d6 {[%emt 0:00:30]} 10. Qd3 {[%emt 0:11:55]} Be6 {[%emt 0:03:07]} 11. Be3 {[%emt 0:00:15]} Bxe3 {[%emt 0:06:35]} 12. Qxe3 {[%emt 0:01:09]} Rc8 {[%emt 0:00:28]} 13. Rac1 {[%emt 0:10:43]} Qa5 {[%emt 0:02:50]} 14. Rfd1 {[%emt 0:06:24]} Rfd8 {[%emt 0:02:19]} 15. f3 {[%emt 0:08:40]} Qc5 {[%emt 0:11:15]} 16. Kf2 {[%emt 0:03:41]} Qxe3+ {[%emt 0:01:59]} 17. Nxe3 {[%emt 0:00:48]} Nd4 {[%emt 0:00:42]} 18. b3 {[%emt 0:00:28]} Kf8 {[%emt 0:01:18]} 19. Bf1 {[%emt 0:03:08]} g5 {[%emt 0:03:46]} 20. Ne2 {[%emt 0:00:48]} Nxe2 {[%emt 0:01:49]} 21. Bxe2 {[%emt 0:00:07]} Ke7 {[%emt 0:00:21]} 22. Bd3 {[%emt 0:04:24]} h5 {[%emt 0:01:58]} 23. g3 {[%emt 0:00:41]} h4 {[%emt 0:04:32]} 24. g4 {[%emt 0:01:09]} Nd7 {[%emt 0:01:46]} 25. Rc2 {[%emt 0:02:47]} Nc5 {[%emt 0:10:03]} 26. Be2 {[%emt 0:04:01]} Nd7 {[%emt 0:03:42]} 27. Bd3 {[%emt 0:02:27]} Nf8 {[%emt 0:00:13]} 28. Rcd2 {[%emt 0:00:47]} Ng6 {[%emt 0:00:27]} 29. Bf1 {[%emt 0:00:17]} Nf4 {[%emt 0:00:23]} 30. Ng2 {[%emt 0:00:28]} Ng6 {[%emt 0:02:51]} 31. Ne3 {[%emt 0:00:24]} Rc6 {[%emt 0:00:19]} 32. b4 {[%emt 0:04:23]} Rcc8 {[%emt 0:07:34]} 33. a4 {[%emt 0:00:48]} Nf4 {[%emt 0:07:42]} 34. a5 {[%emt 0:00:07]} Rd7 {[%emt 0:02:04]} 35. Kg1 {[%emt 0:03:49]} Rb8 {[%emt 0:02:50]} 36. Rb2 {[%emt 0:05:24]} b6 {[%emt 0:03:31]} 37. Ra1 {[%emt 0:00:05]} Rdb7 {[%emt 0:02:24]} 38. Nc2 {[%emt 0:02:19]} Rc7 {[%emt 0:02:16]} 39. Ne3 {[%emt 0:00:13]} Rcb7 {[%emt 0:00:14]} 40. Nc2 {[%emt 0:00:00]} Rc7 {[%emt 0:00:00]} 41. Ne3 {[%emt 0:00:24]} 1/2-1/2

[Event "5th EKA IIFL Investment 2019"]
[Site "Mumbai"]
[Date "2020.01.02"]
[Round "4.27"]
[White "Yakubboev, Nodirbek"]
[Black "Gandhi, Anish"]
[Result "1-0"]
[WhiteElo "2592"]
[BlackElo "2168"]
[Annotator "TA"]
[PlyCount "93"]
[EventDate "2019.12.30"]
[EventType "swiss"]
[EventCountry "IND"]
[SourceTitle "playchess.com"]
[Source "ChessBase"]
[SourceQuality "1"]

{[%evp 9,93,7,22,0,0,0,0,0,0,0,15,0,17,6,6,11,17,10,18,0,4,0,18,24,40,29,32,22,21,18,23,21,32,31,50,48,58,62,60,63,74,73,89,97,90,89,80,77,82,85,98,88,120,120,157,157,157,157,157,157,191,193,238,238,299,313,355,235,568,389,613,601,29952,5498,1264,1148,29969,29970,29973,29974,29973,29975,29974,29975,29974,29975]} 1. c4 Nf6 2. Nc3 c5 3. Nf3 d5 4. cxd5 Nxd5 5. e3 e6 6. Bc4 {A17: English Opening: 1...Nf6 with ...Bb4} (6. d4 cxd4 7. exd4 Nxc3 8. bxc3 Qc7 9. Bd2 Bd6 10. Bd3 Nd7 11. O-O O-O 12. a4 b6 13. Re1 Bb7 14. h3 Bf4 15. Bxf4 Qxf4 16. Qd2 Qc7 17. Ne5 Nxe5 18. Rxe5 Rac8 19. Re3 g6 20. Bf1 Rfd8 21. Qb2 Rd5 22. c4 {½-½ (38) Karjakin,S (2748)-Dubov,D (2700) Moscow 2019}) 6... Be7 7. O-O O-O 8. Qe2 {The position is equal.} b6 9. Rd1 $146 ({Predecessor:} 9. d4 cxd4 10. exd4 Bb7 11. Re1 Nxc3 12. bxc3 Nd7 13. Bd3 Qc7 14. c4 Bf6 15. Bb2 {½-½ (15) Kuljasevic,D (2549)-Schreiner,P (2482) Balatonszarszo 2017}) 9... Bb7 10. d4 cxd4 11. Bxd5 exd5 12. Nxd4 Bf6 13. b3 Nc6 14. Nxc6 Bxc6 15. Bb2 Bxc3 16. Bxc3 Qd7 17. Rac1 Rac8 18. Qb2 f6 19. f3 Qe6 20. Bd4 Bb7 21. Qa3 $36 {[%mdl 2048] White fights for an advantage.} Rxc1 22. Rxc1 Rc8 23. Rxc8+ Qxc8 24. h4 Qa8 25. Qe7 Bc6 26. h5 h6 27. Qe6+ Kh8 28. Bxf6 Qe8 29. Be7 Bb5 30. Qe5 a5 31. Kf2 Bc6 32. Qc7 b5 33. Bc5 a4 34. Bd4 {[%csl Gd4][%cal Rc7g7]} Qd7 35. Qb8+ Kh7 {[#]} 36. Qf8 $1 axb3 37. axb3 Bb7 38. g4 Bc6 $2 (38... b4 {is tougher.} 39. Qc5 Bc8) 39. Kg3 Bb7 (39... b4 $142 40. Bxg7 {[%mdl 64] Deflection} Qxg7 41. Qf5+ (41. Qxb4 Be8 $11) 41... Kg8) 40. f4 $18 Bc8 41. f5 Qc7+ 42. Kf3 Qd7 43. b4 {White mates.} Qc7 {[#]} 44. g5 $1 {[%mdl 512]} hxg5 45. Kg4 Qd7 46. Kxg5 Qc7 47. Kg4 {Accuracy: White = 73%, Black = 38%.} 1-0